01243nam a2200229 a 450000500170000000800410001704000350005804100080009304400070010108200200010811000520012824501980018026000970037830000510047550400560052665000690058265000810065165000790073294200170081199900150082895201700084320171031093251.0170215s2009 ck o gr 00110 spa d aCO-BoBLA cCO-BoBLAdCO-BoIAVH0 aspa ack04a333.7071bN86p 1 aNorte de Santander (Colombia). bGobernación.10aPlan de educación ambiental para el departamento Norte de Santander 2002-2009 : beducación ambiental un reto para la reconstrucción del tejido social / cDepartamento Norte de Santander. aCúcuta (Colombia) : bComite Técnico Intersintitucional de Educación Ambiental,c2009. a23 páginas : bfotografías ; c23 x 17 cm. aIncluye referencias bibliográficas: páginas 23.26aEducación ambientalzNorte de Santander (Colombia)y2002-200926aProtección ambientalzNorte de Santander (Colombia)vProyectosy2002-200926aPolítica ambientalzNorte de Santander (Colombia)vProyectosy2002-2009 2ddccFolleto c5665d5665 00102ddc40708GENERALIINV2017aVenadobVenadod2007-07-11eMendoza, Sandral0oLB-333.7071 N86pp024714r2012-12-04 00:00:00tEj.1w2012-12-04xDonacionyFolleto